A szövetkezet vezető tisztségviselőinek jogállásáról és felelősségéről

In the Hungarian law the executive officers of the co-operative are the president and members of the management. Their office come into being by election or by acceptance of their assignment. The office may be occupied on the basis of agency contract (Civil Code contains the releated rules) or emplo...

Teljes leírás

Elmentve itt :
Bibliográfiai részletek
Szerző: Bobvos Pál
Dokumentumtípus: Cikk
Megjelent: Szegedi Tudományegyetem Állam- és Jogtudományi Karának tudományos bizottsága Szeged 2007
Sorozat:Acta Universitatis Szegediensis : acta juridica et politica 69 No. 1-48
Kulcsszavak:Szövetkezeti jog - magyar
Tárgyszavak:
Online Access:http://acta.bibl.u-szeged.hu/7319
LEADER 01870nab a2200229 i 4500
001 acta7319
005 20231129153312.0
008 161015s2007 hu o 0|| hun d
022 |a 0324-6523 
040 |a SZTE Egyetemi Kiadványok Repozitórium  |b hun 
041 |a hun 
041 |a eng 
100 1 |a Bobvos Pál 
245 1 2 |a A szövetkezet vezető tisztségviselőinek jogállásáról és felelősségéről  |h [elektronikus dokumentum] /  |c  Bobvos Pál 
260 |a Szegedi Tudományegyetem Állam- és Jogtudományi Karának tudományos bizottsága  |b Szeged  |c 2007 
300 |a 115-129 
490 0 |a Acta Universitatis Szegediensis : acta juridica et politica  |v 69 No. 1-48 
520 3 |a In the Hungarian law the executive officers of the co-operative are the president and members of the management. Their office come into being by election or by acceptance of their assignment. The office may be occupied on the basis of agency contract (Civil Code contains the releated rules) or employment relationship (Labor Code contains the releated rules). The executive officers have to carry out their job by increased degree of attention. In that case, if the laws, bylaws or adopted rulings of the general meeting is offended during their activity and as a result they couse any harm to the co-operatives, they are for the responsible it upon the regulation of civil law. This rule can be applied even in that case if they are in employment relationship with the co-operative. Their liability is joint and several liability. The paper presents, if the rules of joint and several liability of civil law can be implemented in the practice of co-operative law, and if so, in wich way. 
650 4 |a Társadalomtudományok 
650 4 |a Jogtudomány 
695 |a Szövetkezeti jog - magyar 
856 4 0 |u http://acta.bibl.u-szeged.hu/7319/1/juridpol_069_115-129.pdf  |z Dokumentum-elérés